000 01021nam a2200289 c 4500
003 BLK
005 20180420234229.0
008 180410b bul|||||r ||||||| ||bul||
010 _aKNG00162254000
040 _aBLK
041 _aBUL
_cBUL
080 _aОбществено съзнание
_b316.63
_x
_z316.63
100 1 _aСтефанов, Наньо
_eпърви автор
_9332911
139 _aСтефанов, Наньо
_bС 75
245 1 0 _aИнтереси и обществено настроение
_bИзследване
_cНаньо Стефанов.
257 _aBGR
260 София
_bПартиздат
_c1988
300 _a231 с.
_c18 см
380 _a3
500 _aБиблиогр. с. 215-228.
650 4 _aОбществено мнение
_9254886
852 _aЦб I 24152
856 4 _qpdf
_u
856 4 _qpdf
_u
942 _cKNG
_n0
944 _aCR
_c19.06.2014
_l19.06.2014 - от С1,Р / 19.06.2014
_kГеновева_Генчева
944 _aED
_c19.06.2014
_l19.06.2014 - от С1,Р / 19.06.2014
_k
999 _c155574
_d155574